Mzdová úroveň ako determinant PZI v podmienkach Slovenskej republiky

Empirické štúdie potvrdzujúce skutočnosť, že zahraniční investori investujú svoj kapitál do krajín strednej a východnej Európy, a to pre viaceré výhody, ktoré im tieto krajiny ponúkajú. Prílev PZI do Slovenskej republiky (1993-2014). PZI v členení podľa krajiny investora za rok 2015. Význam mzdovej...

Descrizione completa

Salvato in:
Dettagli Bibliografici
Autore principale: Kerbčárová, Daniela, 1989-
Natura: Capitolo di libro
Lingua:slovacco
Soggetti:
Tags: Aggiungi Tag
Nessun Tag, puoi essere il primo ad aggiungerne!!

MARC

LEADER 00000nla a2200000 4500
001 0226980
005 20240502073735.8
041 0 |a slo 
044 |a SK 
245 1 0 |a Mzdová úroveň ako determinant PZI v podmienkach Slovenskej republiky  |c Daniela Kerbčárová 
520 |a Empirické štúdie potvrdzujúce skutočnosť, že zahraniční investori investujú svoj kapitál do krajín strednej a východnej Európy, a to pre viaceré výhody, ktoré im tieto krajiny ponúkajú. Prílev PZI do Slovenskej republiky (1993-2014). PZI v členení podľa krajiny investora za rok 2015. Význam mzdovej úrovne ako determinantu PZI. Úroveň ročnej minimálnej mzdy a ročnej priemernej mzdy vybraných krajín za r. 2015. 
610 2 0 |a investície priame zahraničné 
610 2 0 |a mzdy priemerné 
610 2 0 |a mzdy minimálne 
610 2 0 |a SVE 
610 2 0 |a Slovensko 
100 1 |a Kerbčárová, Daniela, 1989-